[Event "2023 National K-12 Grade Championships"]
[Site "Orlando, Florida, United States"]
[Date "2023.12.16"]
[Round "3.16"]
[White "Chakrabarti, Brejesh"]
[Black "Lad, Neil"]
[Result "1-0"]
[TimeControl "G/90;d10"]
[WhiteElo "2328"]
[BlackElo "1865"]

1. e4 {[%clk 01:30:00]} {[%emt 00:00:02]} e6 {[%clk 01:29:33]} {[%emt
00:00:38]} 2. d3 {[%clk 01:30:00]} {[%emt 00:00:01]} d5 {[%clk 01:29:04]}
{[%emt 00:00:39]} 3. Nd2 {[%clk 01:30:00]} {[%emt 00:00:01]} c5 {[%clk
01:27:49]} {[%emt 00:01:25]} 4. g3 {[%clk 01:30:00]} {[%emt 00:00:11]} Nc6
{[%clk 01:27:49]} {[%emt 00:00:08]} 5. Bg2 {[%clk 01:30:00]} Nf6 {[%clk
01:27:32]} {[%emt 00:00:27]} 6. Ngf3 {[%clk 01:30:00]} {[%emt 00:00:02]} Qc7
{[%clk 01:27:08]} {[%emt 00:00:35]} 7. O-O {[%clk 01:29:58]} {[%emt 00:00:12]}
Be7 {[%clk 01:26:13]} {[%emt 00:01:05]} 8. Re1 {[%clk 01:28:28]} {[%emt
00:01:40]} O-O {[%clk 01:24:24]} {[%emt 00:01:59]} 9. e5 {[%clk 01:26:14]}
{[%emt 00:02:23]} Nd7 {[%clk 01:24:24]} {[%emt 00:00:07]} 10. Qe2 {[%clk
01:26:14]} {[%emt 00:00:06]} b5 {[%clk 01:21:22]} {[%emt 00:03:13]} 11. Nf1
{[%clk 01:26:14]} {[%emt 00:00:06]} Bb7 {[%clk 01:14:00]} {[%emt 00:07:32]} 12.
c3 {[%clk 01:25:27]} {[%emt 00:00:57]} a5 {[%clk 01:12:12]} {[%emt 00:01:59]}
13. h4 {[%clk 01:25:03]} {[%emt 00:00:33]} b4 {[%clk 01:10:18]} {[%emt
00:02:05]} 14. h5 {[%clk 01:24:49]} {[%emt 00:00:23]} a4 {[%clk 01:08:31]}
{[%emt 00:01:57]} 15. h6 {[%clk 01:24:06]} {[%emt 00:00:53]} g6 {[%clk
01:05:39]} {[%emt 00:03:02]} 16. a3 {[%clk 01:22:30]} {[%emt 00:01:46]} Rfc8
{[%clk 01:02:35]} {[%emt 00:03:15]} 17. N1h2 {[%clk 01:21:27]} {[%emt
00:01:11]} Na5 {[%clk 00:59:39]} {[%emt 00:03:08]} 18. Bg5 {[%clk 01:19:19]}
{[%emt 00:02:17]} Bxg5 {[%clk 00:57:03]} {[%emt 00:02:46]} 19. Nxg5 {[%clk
01:19:19]} {[%emt 00:00:10]} bxc3 {[%clk 00:54:33]} {[%emt 00:02:40]} 20. bxc3
{[%clk 01:19:16]} {[%emt 00:00:12]} Nb3 {[%clk 00:51:46]} {[%emt 00:02:57]} 21.
Rad1 {[%clk 01:16:42]} {[%emt 00:02:43]} Qd8 {[%clk 00:51:42]} {[%emt
00:00:16]} 22. Qe3 {[%clk 01:15:42]} {[%emt 00:01:07]} Qe7 {[%clk 00:49:10]}
{[%emt 00:02:44]} 23. Qf4 {[%clk 01:15:25]} {[%emt 00:00:27]} Rf8 {[%clk
00:48:30]} {[%emt 00:00:51]} 24. Ng4 {[%clk 01:14:05]} {[%emt 00:01:29]} Ra6
{[%clk 00:48:30]} {[%emt 00:00:11]} 25. Re2 {[%clk 01:06:22]} {[%emt 00:07:52]}
f6 {[%clk 00:46:44]} {[%emt 00:01:57]} 26. exf6 {[%clk 01:05:17]} {[%emt
00:01:15]} Nxf6 {[%clk 00:46:44]} {[%emt 00:00:05]} 27. Nxf6+ {[%clk 01:05:01]}
{[%emt 00:00:26]} Rxf6 {[%clk 00:46:15]} {[%emt 00:00:38]} 28. Qh4 {[%clk
01:03:57]} {[%emt 00:01:13]} Rf5 {[%clk 00:20:49]} {[%emt 00:25:38]} 29. f4
{[%clk 01:00:36]} {[%emt 00:03:30]} Qf6 {[%clk 00:18:40]} {[%emt 00:02:20]} 30.
Bh3 {[%clk 00:58:49]} {[%emt 00:01:56]} d4 {[%clk 00:17:09]} {[%emt 00:01:42]}
31. c4 {[%clk 00:51:30]} {[%emt 00:07:29]} Rd6 {[%clk 00:15:23]} {[%emt
00:01:55]} 32. Rde1 {[%clk 00:50:22]} {[%emt 00:01:18]} Bc8 {[%clk 00:13:45]}
{[%emt 00:01:49]} 33. Bxf5 {[%clk 00:49:12]} {[%emt 00:01:19]} gxf5 {[%clk
00:13:30]} {[%emt 00:00:25]} 34. Qh5 {[%clk 00:48:53]} {[%emt 00:00:28]} Qe7
{[%clk 00:13:30]} {[%emt 00:00:05]} 35. g4 {[%clk 00:47:57]} {[%emt 00:01:06]}
fxg4 {[%clk 00:13:30]} {[%emt 00:00:08]} 36. f5 {[%clk 00:47:18]} {[%emt
00:00:49]} 1-0

[Event "2023 National K-12 Grade Championships"]
[Site "Orlando, Florida, United States"]
[Date "2023.12.16"]
[Round "3.17"]
[White "Jiang, Andrew"]
[Black "He, Justin"]
[Result "1-0"]
[TimeControl "G/90;d10"]
[WhiteElo "2314"]
[BlackElo "1768"]

1. e4 {[%clk 01:30:00]} e5 {[%clk 01:29:47]} {[%emt 00:00:24]} 2. Nf3 {[%clk
01:30:00]} {[%emt 00:00:10]} Nc6 {[%clk 01:29:47]} {[%emt 00:00:08]} 3. Bc4
{[%clk 01:30:00]} {[%emt 00:00:05]} Bc5 {[%clk 01:29:19]} {[%emt 00:00:38]} 4.
d3 {[%clk 01:30:00]} {[%emt 00:00:10]} h6 {[%clk 01:28:20]} {[%emt 00:01:09]} 5.
c3 {[%clk 01:27:31]} {[%emt 00:02:38]} Nf6 {[%clk 01:27:05]} {[%emt 00:01:25]}
6. Nbd2 {[%clk 01:26:59]} {[%emt 00:00:42]} d6 {[%clk 01:25:55]} {[%emt
00:01:20]} 7. Nf1 {[%clk 01:26:13]} {[%emt 00:00:56]} Ne7 {[%clk 01:23:27]}
{[%emt 00:02:38]} 8. Ng3 {[%clk 01:25:54]} {[%emt 00:00:28]} Ng6 {[%clk
01:22:05]} {[%emt 00:01:33]} 9. O-O {[%clk 01:24:16]} {[%emt 00:01:48]} O-O
{[%clk 01:18:14]} {[%emt 00:04:02]} 10. h3 {[%clk 01:24:15]} {[%emt 00:00:11]}
c6 {[%clk 01:16:32]} {[%emt 00:01:52]} 11. Bb3 {[%clk 01:24:15]} {[%emt
00:00:01]} Bb6 {[%clk 01:15:11]} {[%emt 00:01:32]} 12. d4 {[%clk 01:16:21]}
{[%emt 00:08:04]} Re8 {[%clk 01:12:00]} {[%emt 00:03:21]} 13. Bc2 {[%clk
01:10:15]} {[%emt 00:06:16]} Bc7 {[%clk 01:11:01]} {[%emt 00:01:09]} 14. Re1
{[%clk 01:08:28]} {[%emt 00:01:57]} Bb6 {[%clk 01:02:49]} {[%emt 00:08:23]} 15.
b3 {[%clk 01:06:24]} {[%emt 00:02:14]} Bc7 {[%clk 00:59:34]} {[%emt 00:03:24]}
16. c4 {[%clk 00:56:21]} {[%emt 00:10:12]} b6 {[%clk 00:59:03]} {[%emt
00:00:42]} 17. d5 {[%clk 00:47:36]} {[%emt 00:08:54]} c5 {[%clk 00:58:49]}
{[%emt 00:00:24]} 18. Be3 {[%clk 00:46:55]} {[%emt 00:00:51]} a6 {[%clk
00:56:56]} {[%emt 00:02:04]} 19. a4 {[%clk 00:46:17]} {[%emt 00:00:48]} Qe7
{[%clk 00:51:54]} {[%emt 00:05:12]} 20. Qd2 {[%clk 00:45:54]} {[%emt 00:00:32]}
Qf8 {[%clk 00:50:37]} {[%emt 00:01:28]} 21. Nh2 {[%clk 00:40:59]} {[%emt
00:05:05]} a5 {[%clk 00:42:19]} {[%emt 00:08:28]} 22. Nf5 {[%clk 00:40:59]}
{[%emt 00:00:05]} Bxf5 {[%clk 00:41:23]} {[%emt 00:01:06]} 23. exf5 {[%clk
00:40:59]} {[%emt 00:00:06]} Ne7 {[%clk 00:40:22]} {[%emt 00:01:11]} 24. f4
{[%clk 00:38:34]} {[%emt 00:02:35]} exf4 {[%clk 00:35:57]} {[%emt 00:04:35]} 25.
Bxf4 {[%clk 00:38:34]} {[%emt 00:00:03]} Kh8 {[%clk 00:27:24]} {[%emt
00:08:43]} 26. Ng4 {[%clk 00:36:56]} {[%emt 00:01:48]} Nxg4 {[%clk 00:26:49]}
{[%emt 00:00:45]} 27. hxg4 {[%clk 00:36:56]} {[%emt 00:00:02]} Ng8 {[%clk
00:26:24]} {[%emt 00:00:34]} 28. g5 {[%clk 00:36:56]} hxg5 {[%clk 00:25:19]}
{[%emt 00:01:16]} 29. Bxg5 {[%clk 00:36:56]} {[%emt 00:00:08]} Bd8 {[%clk
00:24:00]} {[%emt 00:01:28]} 30. g4 {[%clk 00:34:59]} {[%emt 00:02:07]} Bxg5
{[%clk 00:21:40]} {[%emt 00:02:31]} 31. Qxg5 {[%clk 00:34:27]} {[%emt
00:00:41]} Nh6 {[%clk 00:19:32]} {[%emt 00:02:18]} 32. Qh4 {[%clk 00:32:33]}
{[%emt 00:01:59]} f6 {[%clk 00:17:56]} {[%emt 00:01:51]} 33. Re6 {[%clk
00:32:01]} {[%emt 00:00:43]} Kg8 {[%clk 00:17:17]} {[%emt 00:00:49]} 34. Kg2
{[%clk 00:28:00]} {[%emt 00:04:10]} Nf7 {[%clk 00:14:44]} {[%emt 00:02:44]} 35.
Rh1 {[%clk 00:24:33]} {[%emt 00:03:36]} Ng5 {[%clk 00:14:44]} {[%emt 00:00:07]}
36. Qh8+ {[%clk 00:24:26]} {[%emt 00:00:17]} Kf7 {[%clk 00:14:44]} {[%emt
00:00:05]} 37. Qh5+ {[%clk 00:24:17]} {[%emt 00:00:18]} Kg8 {[%clk 00:14:44]}
{[%emt 00:00:07]} 38. Rhe1 {[%clk 00:23:13]} {[%emt 00:01:14]} Nf7 {[%clk
00:12:35]} {[%emt 00:02:19]} 39. g5 {[%clk 00:22:22]} {[%emt 00:01:00]} Rxe6
{[%clk 00:11:05]} {[%emt 00:01:40]} 40. fxe6 {[%clk 00:22:22]} {[%emt
00:00:08]} Nxg5 {[%clk 00:11:05]} {[%emt 00:00:10]} 41. e7 {[%clk 00:22:22]}
{[%emt 00:00:07]} Qe8 {[%clk 00:10:41]} {[%emt 00:00:34]} 42. Bg6 {[%clk
00:22:22]} {[%emt 00:00:08]} 1-0

[Event "2023 National K-12 Grade Championships"]
[Site "Orlando, Florida, United States"]
[Date "2023.12.16"]
[Round "3.18"]
[White "Li, Audrey"]
[Black "Luo, Wesley"]
[Result "1-0"]
[TimeControl "G/90;d10"]
[WhiteElo "1782"]
[BlackElo "2151"]

1. e4 {[%clk 01:30:00]} {[%emt 00:00:01]} c5 {[%clk 01:30:00]} {[%emt
00:00:05]} 2. Nf3 {[%clk 01:30:00]} {[%emt 00:00:05]} d6 {[%clk 01:30:00]}
{[%emt 00:00:04]} 3. d4 {[%clk 01:30:00]} {[%emt 00:00:05]} cxd4 {[%clk
01:30:00]} {[%emt 00:00:04]} 4. Nxd4 {[%clk 01:30:00]} {[%emt 00:00:05]} Nf6
{[%clk 01:30:00]} {[%emt 00:00:05]} 5. Nc3 {[%clk 01:30:00]} {[%emt 00:00:05]}
Nc6 {[%clk 01:30:00]} {[%emt 00:00:04]} 6. Be2 {[%clk 01:29:40]} {[%emt
00:00:30]} g6 {[%clk 01:29:56]} {[%emt 00:00:14]} 7. O-O {[%clk 01:29:28]}
{[%emt 00:00:23]} Bg7 {[%clk 01:29:52]} {[%emt 00:00:13]} 8. Be3 {[%clk
01:27:08]} {[%emt 00:02:31]} O-O {[%clk 01:29:15]} {[%emt 00:00:47]} 9. h3
{[%clk 01:23:31]} {[%emt 00:03:47]} Bd7 {[%clk 01:24:22]} {[%emt 00:05:01]} 10.
Qd2 {[%clk 01:20:52]} {[%emt 00:02:50]} Nxd4 {[%clk 01:22:55]} {[%emt
00:01:36]} 11. Bxd4 {[%clk 01:17:51]} {[%emt 00:03:13]} Bc6 {[%clk 01:22:39]}
{[%emt 00:00:25]} 12. Bf3 {[%clk 01:15:42]} {[%emt 00:02:21]} e6 {[%clk
01:19:55]} {[%emt 00:02:52]} 13. Rad1 {[%clk 01:12:38]} {[%emt 00:03:15]} e5
{[%clk 01:17:54]} {[%emt 00:02:11]} 14. Be3 {[%clk 01:10:42]} {[%emt 00:02:06]}
Ne8 {[%clk 01:17:50]} {[%emt 00:00:13]} 15. Qe2 {[%clk 00:57:51]} {[%emt
00:13:02]} Qa5 {[%clk 01:15:11]} {[%emt 00:02:47]} 16. Qc4 {[%clk 00:52:06]}
{[%emt 00:05:57]} a6 {[%clk 01:10:54]} {[%emt 00:04:27]} 17. Qb3 {[%clk
00:50:06]} {[%emt 00:02:09]} b5 {[%clk 01:08:54]} {[%emt 00:02:10]} 18. Nd5
{[%clk 00:46:56]} {[%emt 00:03:22]} Bxd5 {[%clk 01:08:47]} {[%emt 00:00:16]} 19.
Rxd5 {[%clk 00:45:46]} {[%emt 00:01:19]} Qc7 {[%clk 01:07:18]} {[%emt
00:01:39]} 20. Rfd1 {[%clk 00:43:22]} {[%emt 00:02:35]} Kh8 {[%clk 01:04:37]}
{[%emt 00:02:50]} 21. a4 {[%clk 00:40:09]} {[%emt 00:03:24]} bxa4 {[%clk
01:03:17]} {[%emt 00:01:29]} 22. Qxa4 {[%clk 00:39:35]} {[%emt 00:00:45]} f5
{[%clk 01:01:52]} {[%emt 00:01:35]} 23. Bd2 {[%clk 00:32:20]} {[%emt 00:07:25]}
fxe4 {[%clk 00:55:58]} {[%emt 00:06:03]} 24. Bxe4 {[%clk 00:29:08]} {[%emt
00:03:23]} Nf6 {[%clk 00:53:23]} {[%emt 00:02:45]} 25. Ba5 {[%clk 00:27:10]}
{[%emt 00:02:09]} Qf7 {[%clk 00:52:57]} {[%emt 00:00:35]} 26. Rxd6 {[%clk
00:24:01]} {[%emt 00:03:19]} Nxe4 {[%clk 00:52:41]} {[%emt 00:00:26]} 27. Qxe4
{[%clk 00:24:01]} {[%emt 00:00:10]} Qxf2+ {[%clk 00:52:32]} {[%emt 00:00:18]}
28. Kh1 {[%clk 00:23:59]} {[%emt 00:00:12]} Rac8 {[%clk 00:50:16]} {[%emt
00:02:26]} 29. Bc3 {[%clk 00:22:44]} {[%emt 00:01:26]} Rce8 {[%clk 00:46:59]}
{[%emt 00:03:26]} 30. R6d2 {[%clk 00:17:13]} {[%emt 00:05:41]} Qb6 {[%clk
00:44:28]} {[%emt 00:02:38]} 31. Rd7 {[%clk 00:13:51]} {[%emt 00:03:35]} Qb5
{[%clk 00:41:40]} {[%emt 00:02:26]} 32. Kh2 {[%clk 00:12:08]} {[%emt 00:02:26]}
Rf2 {[%clk 00:35:24]} {[%emt 00:06:25]} 33. Rd8 {[%clk 00:09:20]} {[%emt
00:02:58]} Bf6 {[%clk 00:31:45]} {[%emt 00:03:49]} 34. Rxe8+ {[%clk 00:08:42]}
{[%emt 00:00:49]} Qxe8 {[%clk 00:31:45]} {[%emt 00:00:05]} 35. Qe3 {[%clk
00:08:02]} {[%emt 00:00:50]} Rxc2 {[%clk 00:28:31]} {[%emt 00:03:23]} 36. Rf1
{[%clk 00:06:49]} {[%emt 00:01:23]} Qc6 {[%clk 00:26:06]} {[%emt 00:02:35]} 37.
Rf3 {[%clk 00:05:16]} {[%emt 00:01:43]} Kg8 {[%clk 00:20:42]} {[%emt 00:05:34]}
38. Kg3 {[%clk 00:03:11]} {[%emt 00:02:16]} h5 {[%clk 00:16:01]} {[%emt
00:04:51]} 39. Qd3 {[%clk 00:01:17]} {[%emt 00:02:04]} e4 {[%clk 00:14:24]}
{[%emt 00:01:46]} 40. Rxf6 {[%clk 00:00:34]} {[%emt 00:00:54]} h4+ {[%clk
00:13:05]} {[%emt 00:01:29]} 41. Kh2 {[%clk 00:00:28]} {[%emt 00:00:15]} Qxf6
{[%clk 00:12:17]} {[%emt 00:00:58]} 42. Qxc2 {[%clk 00:00:28]} {[%emt
00:00:11]} Qd6+ {[%clk 00:11:28]} {[%emt 00:00:58]} 43. Kg1 {[%clk 00:00:28]}
{[%emt 00:00:03]} Qc5+ {[%clk 00:11:12]} {[%emt 00:00:23]} 44. Kf1 {[%clk
00:00:28]} {[%emt 00:00:12]} Qb5+ {[%clk 00:10:20]} {[%emt 00:01:01]} 45. Ke1
{[%clk 00:00:28]} {[%emt 00:00:10]} Qc4 {[%clk 00:09:49]} {[%emt 00:00:41]} 46.
Qe2 {[%clk 00:00:26]} {[%emt 00:00:12]} Qa4 {[%clk 00:09:09]} {[%emt 00:00:50]}
47. Qd2 {[%clk 00:00:26]} {[%emt 00:00:08]} Kh7 {[%clk 00:08:42]} {[%emt
00:00:33]} 48. Qf2 {[%clk 00:00:21]} {[%emt 00:00:20]} Qa2 {[%clk 00:08:02]}
{[%emt 00:00:50]} 49. Qxh4+ {[%clk 00:00:21]} {[%emt 00:00:06]} Kg8 {[%clk
00:08:02]} {[%emt 00:00:04]} 50. Qxe4 {[%clk 00:00:21]} {[%emt 00:00:09]} Qa1+
{[%clk 00:07:55]} {[%emt 00:00:18]} 51. Kf2 {[%clk 00:00:21]} {[%emt 00:00:03]}
Kf7 {[%clk 00:07:51]} {[%emt 00:00:15]} 52. Qd5+ {[%clk 00:00:20]} {[%emt
00:00:11]} Ke7 {[%clk 00:07:51]} {[%emt 00:00:09]} 53. Bb4+ {[%clk 00:00:20]}
{[%emt 00:00:06]} Kf6 {[%clk 00:07:51]} {[%emt 00:00:05]} 54. Qd4+ {[%clk
00:00:20]} {[%emt 00:00:06]} Ke6 {[%clk 00:07:46]} {[%emt 00:00:15]} 55. Qd6+
{[%clk 00:00:20]} {[%emt 00:00:10]} Kf5 {[%clk 00:07:46]} {[%emt 00:00:09]} 56.
g4+ {[%clk 00:00:20]} {[%emt 00:00:09]} Ke4 {[%clk 00:07:41]} {[%emt 00:00:15]}
57. Bc3 {[%clk 00:00:16]} {[%emt 00:00:14]} Qa4 {[%clk 00:07:13]} {[%emt
00:00:38]} 58. Qe5+ {[%clk 00:00:16]} {[%emt 00:00:05]} Kd3 {[%clk 00:07:13]}
{[%emt 00:00:05]} 59. Qe2# {[%clk 00:00:16]} {[%emt 00:00:05]} 1-0

[Event "2023 National K-12 Grade Championships"]
[Site "Orlando, Florida, United States"]
[Date "2023.12.16"]
[Round "3.19"]
[White "Wang, Kyle Y"]
[Black "Wang, Jason"]
[Result "1-0"]
[TimeControl "G/90;d10"]
[WhiteElo "2078"]
[BlackElo "1751"]

1. e4 {[%clk 01:28:13]} {[%emt 00:01:57]} d5 {[%clk 01:29:49]} {[%emt
00:00:22]} 2. exd5 {[%clk 01:27:47]} {[%emt 00:00:35]} Nf6 {[%clk 01:29:37]}
{[%emt 00:00:22]} 3. Nf3 {[%clk 01:27:32]} {[%emt 00:00:24]} Bg4 {[%clk
01:28:09]} {[%emt 00:01:38]} 4. Bb5+ {[%clk 01:27:05]} {[%emt 00:00:38]} Nbd7
{[%clk 01:26:20]} {[%emt 00:01:59]} 5. Nc3 {[%clk 01:26:53]} {[%emt 00:00:22]}
a6 {[%clk 01:26:09]} {[%emt 00:00:21]} 6. Be2 {[%clk 01:26:31]} {[%emt
00:00:30]} Nb6 {[%clk 01:25:01]} {[%emt 00:01:19]} 7. d4 {[%clk 01:26:05]}
{[%emt 00:00:37]} Nbxd5 {[%clk 01:22:05]} {[%emt 00:03:06]} 8. Nxd5 {[%clk
01:24:21]} {[%emt 00:01:54]} Qxd5 {[%clk 01:19:06]} {[%emt 00:03:10]} 9. h3
{[%clk 01:23:45]} {[%emt 00:00:44]} Bh5 {[%clk 01:15:38]} {[%emt 00:03:38]} 10.
Be3 {[%clk 01:23:22]} {[%emt 00:00:32]} O-O-O {[%clk 01:11:58]} {[%emt
00:03:51]} 11. O-O {[%emt 00:10:15]} h6 {[%clk 00:57:42]} {[%emt 00:06:38]} 12.
c4 {[%clk 01:16:02]} {[%emt 00:05:14]} Qe6 {[%clk 00:55:35]} {[%emt 00:02:17]}
13. d5 {[%clk 01:13:37]} {[%emt 00:02:35]} Qe4 {[%clk 00:49:12]} {[%emt
00:06:32]} 14. Qb3 {[%clk 01:08:57]} {[%emt 00:04:50]} Bg6 {[%clk 00:44:01]}
{[%emt 00:05:21]} 15. Rad1 {[%clk 01:06:54]} {[%emt 00:02:13]} Qc2 {[%clk
00:39:46]} {[%emt 00:04:25]} 16. Qxc2 {[%clk 01:06:30]} {[%emt 00:00:34]} Bxc2
{[%clk 00:39:45]} {[%emt 00:00:11]} 17. Rd2 {[%clk 01:06:30]} {[%emt 00:00:04]}
Bg6 {[%clk 00:39:16]} {[%emt 00:00:40]} 18. Ne5 {[%clk 01:06:30]} {[%emt
00:00:10]} Re8 {[%clk 00:32:18]} {[%emt 00:07:09]} 19. Nxg6 {[%clk 01:05:52]}
{[%emt 00:00:47]} fxg6 {[%clk 00:32:18]} {[%emt 00:00:01]} 20. Bd3 {[%clk
01:05:31]} {[%emt 00:00:32]} g5 {[%clk 00:31:41]} {[%emt 00:00:47]} 21. Bf5+
{[%clk 01:05:10]} {[%emt 00:00:30]} Kb8 {[%clk 00:31:05]} {[%emt 00:00:46]} 22.
Re1 {[%clk 01:04:59]} {[%emt 00:00:21]} e5 {[%clk 00:25:06]} {[%emt 00:06:10]}
23. a3 {[%clk 01:03:52]} {[%emt 00:01:17]} Rd8 {[%clk 00:23:27]} {[%emt
00:01:48]} 24. f3 {[%clk 01:02:58]} {[%emt 00:01:04]} b6 {[%clk 00:15:11]}
{[%emt 00:08:27]} 25. b4 {[%clk 01:01:45]} {[%emt 00:01:22]} Ne8 {[%clk
00:09:18]} {[%emt 00:06:02]} 26. c5 {[%clk 01:00:10]} {[%emt 00:01:46]} bxc5
{[%clk 00:08:51]} {[%emt 00:00:38]} 27. bxc5 {[%clk 00:59:34]} {[%emt
00:00:45]} Nf6 {[%clk 00:08:05]} {[%emt 00:00:55]} 28. Be6 {[%clk 00:59:18]}
{[%emt 00:00:27]} e4 {[%clk 00:07:52]} {[%emt 00:00:23]} 29. Rb1+ {[%clk
00:58:52]} {[%emt 00:00:36]} Ka8 {[%clk 00:07:45]} {[%emt 00:00:18]} 30. c6
{[%clk 00:57:42]} {[%emt 00:01:19]} 1-0

[Event "2023 National K-12 Grade Championships"]
[Site "Orlando, Florida, United States"]
[Date "2023.12.16"]
[Round "3.20"]
[White "Naushad, Musa"]
[Black "Anandh, Vijay Srinivas"]
[Result "1/2-1/2"]
[TimeControl "G/90;d10"]
[WhiteElo "1721"]
[BlackElo "2029"]

1. e4 {[%clk 01:30:00]} {[%emt 00:00:01]} e5 {[%clk 01:29:32]} {[%emt
00:00:38]} 2. Nf3 {[%clk 01:29:53]} {[%emt 00:00:17]} Nc6 {[%clk 01:29:32]}
{[%emt 00:00:07]} 3. Bb5 {[%clk 01:27:40]} {[%emt 00:02:25]} a6 {[%clk
01:29:22]} {[%emt 00:00:20]} 4. Ba4 {[%clk 01:27:40]} {[%emt 00:00:07]} Nf6
{[%clk 01:29:22]} {[%emt 00:00:03]} 5. O-O {[%clk 01:27:40]} {[%emt 00:00:09]}
Be7 {[%clk 01:29:22]} {[%emt 00:00:03]} 6. Re1 {[%clk 01:26:42]} {[%emt
00:01:08]} b5 {[%clk 01:29:09]} {[%emt 00:00:23]} 7. Bb3 {[%clk 01:26:42]}
{[%emt 00:00:05]} d6 {[%clk 01:29:09]} {[%emt 00:00:05]} 8. c3 {[%clk
01:26:15]} {[%emt 00:00:36]} O-O {[%clk 01:29:09]} {[%emt 00:00:08]} 9. d4
{[%clk 01:25:39]} {[%emt 00:00:46]} Bg4 {[%clk 01:28:50]} {[%emt 00:00:29]} 10.
Be3 {[%clk 01:23:08]} {[%emt 00:02:41]} Bh5 {[%clk 01:28:03]} {[%emt 00:00:57]}
11. Nbd2 {[%clk 01:22:32]} {[%emt 00:00:47]} Na5 {[%clk 01:26:30]} {[%emt
00:01:43]} 12. Bc2 {[%clk 01:20:48]} {[%emt 00:01:53]} Ng4 {[%clk 01:23:54]}
{[%emt 00:02:46]} 13. Nf1 {[%clk 01:13:13]} {[%emt 00:07:45]} Nxe3 {[%clk
01:17:32]} {[%emt 00:06:32]} 14. Nxe3 {[%clk 01:10:05]} {[%emt 00:03:18]} exd4
{[%clk 01:10:50]} {[%emt 00:06:53]} 15. cxd4 {[%clk 01:08:37]} {[%emt
00:01:38]} Bf6 {[%clk 01:07:49]} {[%emt 00:03:11]} 16. g4 {[%clk 01:01:44]}
{[%emt 00:07:03]} Bg6 {[%clk 01:06:02]} {[%emt 00:01:56]} 17. Nf5 {[%clk
00:56:58]} {[%emt 00:04:56]} Re8 {[%clk 01:01:56]} {[%emt 00:04:16]} 18. Qc1
{[%clk 00:54:22]} {[%emt 00:02:46]} c5 {[%clk 00:52:22]} {[%emt 00:09:44]} 19.
e5 {[%clk 00:50:41]} {[%emt 00:03:51]} dxe5 {[%clk 00:50:50]} {[%emt 00:01:42]}
20. dxe5 {[%clk 00:50:17]} {[%emt 00:00:35]} Be7 {[%clk 00:50:34]} {[%emt
00:00:25]} 21. Qf4 {[%clk 00:49:36]} {[%emt 00:00:50]} Nc6 {[%clk 00:46:46]}
{[%emt 00:04:00]} 22. Be4 {[%clk 00:46:14]} {[%emt 00:03:31]} Rc8 {[%clk
00:46:24]} {[%emt 00:00:31]} 23. Rad1 {[%clk 00:45:10]} {[%emt 00:01:15]} Qc7
{[%clk 00:45:39]} {[%emt 00:00:55]} 24. Bd5 {[%clk 00:42:23]} {[%emt 00:02:57]}
Nb4 {[%clk 00:43:10]} {[%emt 00:02:39]} 25. h4 {[%clk 00:38:25]} {[%emt
00:04:07]} Rcd8 {[%clk 00:40:02]} {[%emt 00:03:19]} 26. Be4 {[%clk 00:35:13]}
{[%emt 00:03:22]} h6 {[%clk 00:33:54]} {[%emt 00:06:18]} 27. h5 {[%clk
00:31:50]} {[%emt 00:03:33]} Bh7 {[%clk 00:33:26]} {[%emt 00:00:39]} 28. g5
{[%clk 00:29:49]} {[%emt 00:02:10]} Rxd1 {[%clk 00:29:49]} {[%emt 00:03:48]} 29.
Nxh6+ {[%clk 00:24:16]} {[%emt 00:05:43]} gxh6 {[%clk 00:29:29]} {[%emt
00:00:29]} 30. Bxh7+ {[%clk 00:24:08]} {[%emt 00:00:18]} Kh8 {[%clk 00:28:45]}
{[%emt 00:00:54]} 31. Rxd1 {[%clk 00:21:12]} {[%emt 00:03:05]} Bxg5 {[%clk
00:25:19]} {[%emt 00:03:37]} 32. Nxg5 {[%clk 00:19:29]} {[%emt 00:01:52]} hxg5
{[%clk 00:24:47]} {[%emt 00:00:43]} 33. Qf6+ {[%clk 00:17:28]} {[%emt
00:02:11]} Kxh7 {[%clk 00:23:24]} {[%emt 00:01:33]} 34. Qf5+ {[%clk 00:16:47]}
{[%emt 00:00:52]} Kh6 {[%clk 00:21:18]} {[%emt 00:02:15]} 35. Qf6+ {[%clk
00:16:20]} {[%emt 00:00:36]} Kh7 {[%clk 00:19:29]} {[%emt 00:02:00]} 36. Qf5+
{[%clk 00:16:10]} {[%emt 00:00:20]} Kh6 {[%clk 00:19:29]} {[%emt 00:00:09]} 37.
Qf6+ {[%clk 00:15:07]} {[%emt 00:01:13]} Kxh5 {[%clk 00:19:29]} {[%emt
00:00:05]} 38. Qf3+ {[%clk 00:14:31]} {[%emt 00:00:45]} g4 {[%clk 00:18:03]}
{[%emt 00:01:36]} 39. Qf5+ {[%clk 00:14:12]} {[%emt 00:00:29]} Kh4 {[%clk
00:17:17]} {[%emt 00:00:57]} 40. Qf6+ {[%clk 00:13:12]} {[%emt 00:01:09]} Kh5
{[%clk 00:16:51]} {[%emt 00:00:36]} 41. Qf5+ {[%clk 00:11:46]} {[%emt
00:01:36]} Kh4 {[%clk 00:16:40]} {[%emt 00:00:21]} 42. Qf6+ {[%clk 00:10:46]}
{[%emt 00:01:10]} Kh5 {[%clk 00:16:40]} {[%emt 00:00:06]} 43. Qf5+ {[%clk
00:08:03]} {[%emt 00:02:53]} Kh6 {[%clk 00:16:34]} {[%emt 00:00:16]} 44. Qf6+
{[%clk 00:07:52]} {[%emt 00:00:19]} Kh7 {[%clk 00:17:25]} {[%emt 00:06:29]} 45.
Qf5+ {[%clk 00:07:38]} {[%emt 00:00:24]} Kh8 {[%clk 00:14:26]} {[%emt
00:03:08]} 46. Qf6+ {[%clk 00:07:31]} {[%emt 00:00:16]} Kg8 {[%clk 00:13:45]}
{[%emt 00:00:53]} 47. Qg5+ {[%clk 00:07:19]} {[%emt 00:00:21]} Kf8 {[%clk
00:13:14]} {[%emt 00:00:42]} 48. Qh6+ {[%clk 00:07:17]} {[%emt 00:00:12]} Kg8
{[%clk 00:13:14]} {[%emt 00:00:06]} 49. Qg5+ {[%clk 00:07:15]} {[%emt
00:00:10]} Kh7 {[%clk 00:12:23]} {[%emt 00:01:03]} 50. Qh5+ {[%clk 00:07:07]}
{[%emt 00:00:17]} Kg7 {[%clk 00:12:23]} {[%emt 00:00:09]} 51. Qg5+ {[%clk
00:07:05]} {[%emt 00:00:12]} Kh7 {[%clk 00:12:07]} {[%emt 00:00:27]} 52. Qh5+
{[%clk 00:07:05]} {[%emt 00:00:07]} Kg7 {[%clk 00:12:07]} {[%emt 00:00:04]} 53.
Qg5+ {[%clk 00:07:05]} {[%emt 00:00:10]} Kh7 {[%clk 00:11:51]} {[%emt
00:00:26]} 1/2-1/2